000 01095 a2200265 4500
005 20180313062220.0
008 151126s2015 ck d fr|||| 000 0 spa d
020 _a9789585901117
040 _aCO-BoUCM
_bspa
_cSaul Niño
_dSaul Niño
041 0 _aspa
060 _aWS 107.5
100 1 _aFigueroa, Diana
_974038
245 _aAprender de los problemas
_bcaracterización de la resolución de problemas con estado inicial y final bien definidos, que no requieren conocimiento previo en niños de 4 a 5 años
_cDiana Lorena Figueroa y María de los Ángeles Rodriguez
260 _c2015
_bGimnasio Moderno
_aBogotá (Colombia)
300 _a80 páginas
_bgráficas y cuadros
490 0 _aCuadernos Ex-Libris
_v18
504 _aIncluye referencias bibliográficas
650 7 _922316
_aProblemas basados en el aprendizaje
650 7 _922846
_aPsicología infantil
650 7 _924845
_aSolución de problemas
690 _942902
_aPsicología
700 1 _aRodríguez, María de los Ángeles
_974039
942 _2NLM
_a9
_cLIBRO
_e1
_hWS 107.5
_mF475ap
_n0
999 _c302184
_d302184